A MEFHOSZ tízéves jubileuma [rövid hír]
Elmentve itt :
| Dokumentumtípus: | Cikk |
|---|---|
| Megjelent: |
1930-03-11
|
| Sorozat: | Délmagyarország
6 No. 58 |
| Kulcsszavak: | Magyar Egyetemi és Főiskolai Hallgatók Országos Szövetsége |
| Online Access: | http://dmarchiv.bibl.u-szeged.hu/31891 |
| LEADER | 00465nab a2200145 i 4500 | ||
|---|---|---|---|
| 001 | delm31891 | ||
| 005 | 20180927103426.0 | ||
| 008 | 180927s1930 hu o 0|| hun d | ||
| 040 | |a SZTE Délmagyarország Archívum |b hun | ||
| 041 | |a hun | ||
| 245 | 0 | 2 | |a A MEFHOSZ tízéves jubileuma |h [elektronikus dokumentum] : |b [rövid hír] |
| 260 | |c 1930-03-11 | ||
| 300 | |a 6 | ||
| 490 | 0 | |a Délmagyarország |v 6 No. 58 | |
| 695 | |a Magyar Egyetemi és Főiskolai Hallgatók Országos Szövetsége | ||